L'assistència sanitaria a les comarques de Catalunya / (Record no. 44844)

MARC details
000 -LEADER
campo de control de longitud fija 00657nam a2200205 i 4500
001 - NÚMERO DE CONTROL
campo de control 44844
003 - IDENTIFICADOR DE NÚMERO DE CONTROL
campo de control ES-MaACL
005 - FECHA Y HORA DE LA ÚLTIMA TRANSACCIÓN
campo de control 20230906161114.0
007 - CAMPO FIJO DE DESCRIPCIÓN FÍSICA--INFORMACIÓN GENERAL
campo de control de longitud fija t|
008 - DATOS DE LONGITUD FIJA--INFORMACIÓN GENERAL
campo de control de longitud fija 030324s1980 sp ||||1| cat d
100 1# - ENTRADA PRINCIPAL--NOMBRE DE PERSONA
Nombre de persona Clos, Juan.
9 (RLIN) 39284
245 12 - MENCIÓN DEL TÍTULO
Título L'assistència sanitaria a les comarques de Catalunya /
Mención de responsabilidad, etc. Joan Clos, Elisa Sèculi, Andreu Segura ; próleg d e Ramón Espasa i Oliver.
250 ## - MENCION DE EDICION
Mención de edición [1ª ed.].
260 ## - PUBLICACIÓN, DISTRIBUCIÓN, ETC.
Lugar de publicación, distribución, etc. Barcelona :
Nombre del editor, distribuidor, etc. Laia,
Fecha de publicación, distribución, etc. [1980]
300 ## - DESCRIPCIÓN FÍSICA
Extensión 195 p. ;
Dimensiones 19 cm.
700 1# - ENTRADA AGREGADA--NOMBRE PERSONAL
Nombre de persona Sèculi, Elisa.
9 (RLIN) 105057
700 1# - ENTRADA AGREGADA--NOMBRE PERSONAL
Nombre de persona Segura, Andreu.
9 (RLIN) 105197
700 1# - ENTRADA AGREGADA--NOMBRE PERSONAL
Nombre de persona Espasa i Oliver, Ramón.
9 (RLIN) 47788
852 ## - LOCALIZACIÓN
Ubicación ES-MaACL
Número de control de estantería A-10877
Sublocalización o colección R.100289
Holdings
Estatus retirado Estado de pérdida Estado de daño No para préstamo Biblioteca de origen Biblioteca actual Ubicación en estantería Fecha de adquisición Fuente de adquisición Total de préstamos Signatura topográfica completa Código de barras Visto por última vez Precio de reemplazo Tipo de ítem Koha
        Biblioteca del Ateneo de Madrid Biblioteca del Ateneo de Madrid Depósito 1 17/01/2008     A-10877 1047196 23/02/2023 23/02/2023 Libro impreso